Effects of changes in habitat structure during succession in terrestrial communities (Registro nro. 10658)

Detalles MARC
000 -CABECERA
Campo de control 004800000a22001450004500
090 ## - CLASIFICACIÓN LOCAL
Colección AR
Consecutivo 01577
041 0# - IDIOMA
Código de idioma para texto/pista de sonido o título separado
100 1# - ASIENTO PRINCIPAL--NOMBRE PERSONAL
Nombre personal Brown, Vinson
245 10 - MENCION DE TITULO
Título Effects of changes in habitat structure during succession in terrestrial communities
650 14 - ASIENTO SECUNDARIO DE MATERIA - TERMINO TEMATICO
Término temático o nombre geográfico como elemento de entrada Riqueza de especies
650 14 - ASIENTO SECUNDARIO DE MATERIA - TERMINO TEMATICO
Término temático o nombre geográfico como elemento de entrada Estructura del Hábitat
650 14 - ASIENTO SECUNDARIO DE MATERIA - TERMINO TEMATICO
Término temático o nombre geográfico como elemento de entrada Sucesiones ecológicas
773 1# - Item fuente:
Título Physical Arrangement of Objects in Space
Especificación de materiales 553
Paginas del Articulo 140-168
Lugar, editorial y fecha de publicación 1985?
942 ## - ELEMENTOS ADICIONALES (KOHA)
Tipo de ítem Artículo
Existencias
Withdrawn status Lost status Damaged status No para préstamo Colección Ubicación Permanente Ubicación actual Fecha de adquisición Fuente de Valor Datos de publicación Seriada Total Checkouts Número topográfico Inventario / Código de Barras Date last seen Ejemplar Price effective from Forma de adquisición Tipo de material
      No para Préstamo Hemeroteca Bogotá Bogotá 27/02/2015 Muñoz Saba, Yaneth Fuera de circulación   AR 01577 011937 25/03/2015 1 25/03/2015   Artículo